Statistics for Florida's Largest Metropolitan Ares

Click here to take the quiz!

General Stats

  • This quiz has been taken 296 times
  • The average score is 10 of 15

Answer Stats

Population Metro % Correct
5,547,051Miami-Fort Lauderdale
100%
2,747,272Tampa Bay
99%
1,328,144Jacksonville
99%
2,082,421Orlando-Kissimmee
98%
360,013Tallahassee
87%
495,890Deltona-Daytona Beach
73%
455,102Pensacola-Ferry Pass
72%
586,908Cape Coral-Fort Myers
69%
260,690Gainesville
61%
688,126Sarasota-North Port
55%
536,357Palm Bay-Melbourne
49%
318,537Naples-Marco Island
45%
328,547Ocala
40%
583,403Lakeland-Winter Haven
39%
406,296Port St. Lucie
38%

Score Distribution

Percentile by Number Answered

Percent of People with Each Score

Your Score History

You have not taken this quiz